000 00925cam a2200325 4500
999 _c43129
_d43129
001 00024098
003 OCoLC
005 20180910101436.0
008 700723r19691841nyuc 000 0 eng
010 _a72083444 //r93
020 _a085151233X
035 _a0000005270
040 _aDLC
_cDLC
042 _anbic
043 _an-us---
049 _aCESL
100 1 _aTracy, Joseph,
_d1793?-1874.
245 0 4 _aThe Great Awakening :
_ba history of the revival of religion in the time of Edwards & Whitefield /
_cJoseph Tracy
260 _aLondon :
_bThe Banner of Truth Trust,
_cc1989.
300 _axviii, 433 p.
_c23 cm.
336 _atext
337 _aunmediated
338 _avolume
490 0 _aReligion in America.
500 _aReprint of the 1841 ed.
650 0 _aGreat Awakening.
650 0 _aRevivals
_zUnited States.
651 0 _aUnited States
_xChurch history
_yTo 1775.
942 _2lcc
_cBK